Deutschland - Nachbarländer + Hauptstädte - Statistiken

Allgemein
  • Dieses Quiz wurde 2.414 mal gespielt
  • Das Durchschnittsergebnis liegt bei 8 aus 10
Antwortstatistiken
Hint Antwort % Korrekt
Deutschland Berlin
94%
Frankreich Paris
94%
Luxemburg Luxemburg
91%
Belgien Brüssel
88%
Österreich Wien
87%
Niederlande Amsterdam
85%
Polen Warschau
84%
Dänemark Koppenhagen
83%
Tschechien Prag
68%
Schweiz Bern (Hauptort)
8%
Keine übereinstimmenden Quizze gefunden
Verteilung der Resultate
Anzahl Personen mit jedem Resultat
Perzentil nach korrekt beantworteten Fragen
Ihre Resultats-Entwicklung
Sie haben dieses Quiz noch nicht gespielt